Language Quiz

Random Language or Country Quiz

Word Hourglass XI Quiz Stats

 Plays Quiz Updated Feb 13, 2016

Score 0/9 Timer 01:30
3 Plays Today
Clue Word % Correct
Most common blood typeO
98.5%
Harper Lee's '___ Kill a Mockingbird'TO
98.4%
Shrek or Fiona, e.g.OGRE
92.4%
First word of the capital of LouisianaBATON
87.9%
International alliance of countries based in BrusselsNATO
87.9%
The self, according the work of FreudEGO
86.1%
Second word of the capital of LouisianaROUGE
85.3%
A Japanese/Chinese board game with white and black stonesGO
84.7%
The path of virtuous conduct conceived by Lao-TzuTAO
76.1%

You're not logged in!

Compare scores with friends on all Sporcle quizzes.
OR
Log In

Show Comments

Extras

Top Quizzes Today


Score Distribution

Your Account Isn't Verified!

In order to create a playlist on Sporcle, you need to verify the email address you used during registration. Go to your Sporcle Settings to finish the process.

Report this User

Report this user for behavior that violates our Community Guidelines.

Details: